Love Triangles Quiz Stats

 Plays Quiz Updated Feb 23, 2012

Challenge
Share
Tweet
Embed
Score 0/30 Timer 06:00
0 Plays Today
First Member Middle Member % Correct
Lois LaneSuperman
86.5%
Edward CullenBella Swan
66.4%
Peppermint PattyCharlie Brown
62%
Rachel GreenRoss Geller
61.3%
Severus SnapeLily Evans
60.2%
AngelBuffy Summers
56%
QuasimodoEsméralda
55%
Ashley WilkesScarlett O'Hara
53.1%
MenelausHelen
50.9%
Betty CooperArchie Andrews
48%
CyclopsJean Grey
46.2%
King ArthurQueen Guinevere
45.9%
Mr. WickhamElizabeth Bennet
44.2%
Jay GatsbyDaisy Buchanan (Fay)
44.1%
Jim HalpertPam Beesly
42.5%
First Member Middle Member % Correct
ArwenAragorn
40.4%
Sam MaloneDiane Chambers
39%
Jack ShepardKate Austen
37.3%
Daniel CleaverBridget Jones
32.1%
Raoul de ChagnyChristine Daaé
24.2%
Bill ComptonSookie Stackhouse
22.9%
Cyrano de BergeracRoxane
21.8%
Rick BlaineIlsa Lund
19.9%
Mrs. RobinsonBenjamin Braddock
19.9%
Éponine ThenardierMarius Pontmercy
15.1%
HelenaDemetrius
10.5%
Doctor HorriblePenny
8.1%
Lee AdamaKara Thrace
8%
Edmond DantèsMercédès Mondego
7.6%
Charles DarnayLucie Manette
5.8%

You're not logged in!

Compare scores with friends on all Sporcle quizzes.
Join for Free
OR
Log In

You Might Also Like...

Show Comments

Extras

Top Quizzes Today


Score Distribution

Your Account Isn't Verified!

In order to create a playlist on Sporcle, you need to verify the email address you used during registration. Go to your Sporcle Settings to finish the process.

Report this User

Report this user for behavior that violates our Community Guidelines.

Details: